| 000 | 01176nam a2200277Ia 4500 | ||
|---|---|---|---|
| 001 | 10565 | ||
| 003 | GE_BSU | ||
| 008 | 181216s||||||||xx |||||||||||||| ||und|| | ||
| 020 | _a9789941928857 | ||
| 040 | _cGE_BSU | ||
| 080 | _a615.838.1/9 + 615.8 | ||
| 100 | _aციბაძე, ალექსანდრე; შავიანიძე,გიორგი სააკაშვილი, ნიკოლოზ [და სხვ.] | ||
| 245 | _aსპა და ბალნეოთერაპია : (ჰიდროდინამიკის ელემენტებით) | ||
| 245 | _b[მონოგრაფია] | ||
| 245 | _cრედ. თეიმურაზ პეტრიაშვილი | ||
| 260 | _aთბილისი | ||
| 260 | _bფარნავაზი | ||
| 260 | _c2013 | ||
| 300 | _a116 გვ.ილ.29 სმ. | ||
| 300 | _eბიბლიოგრ.: გვ.116 | ||
| 520 | _aყდაზე ავტ. მითითებული არ არიან. | ||
| 541 | _h27ლ. | ||
| 653 | _aბალნეოთერაპია; | ||
| 653 | _aწყლით მკურნალობა; | ||
| 942 | _cBK | ||
| 999 |
_c43820 _d43820 |
||